Statistics for Premier League 22/23 kit suppliers

Click here to take the quiz!

General Stats

  • This quiz has been taken 17 times
  • The average score is 5 of 7

Answer Stats

HintAnswer% Correct
Man CityPuma
100%
Fulham, Arsenal, Manchester United, Leicester, LeedsAdidas
93%
Tottenham Hotspur, Liverpool, Brighton, ChelseaNike
93%
West Ham, Bournemouth, BrentfordUmbro
73%
Aston Villa, Newcastle, WolvesCastore
47%
Southampton, EvertonHummel
47%
Nottingham Forest, Crystal PalaceMacron
40%

Score Distribution

Percentile by Number Answered

Percent of People with Each Score

Your Score History

You have not taken this quiz